00746nam a2200193 a 450000100100000000500170001000800410002702000180006804000250008608200190011110000330013024501140016326000390027730000280031650000570034450000730040150400330047458600450050700004464520201002045525.0141210s2014 dr a 000 0 spa d a9789945492408 aDO-SdBNPbspacBNPHU axxxxxxbxxxxxx1 aAbréu, Dió-genes,d1959-10aSin haitianidad no hay dominicanidad :bcartografía de una identidad que se bifurca /cDió-genes Abréu. aSanto Domingo, :bNacional,c2014. a263 p. :bil. ;c23 cm. aIncluye datos biográficos del autor en las solapas aIncluye referencias bibliográficas y notas al pie de las páginas aBibliografías : p. 251-263 aPremio de ensayo Letras de Ultramar 2013